| 000 | 00633nam a22002051 4500 | ||
|---|---|---|---|
| 001 | bimo0001148486 | ||
| 003 | OSt | ||
| 005 | 20140719213004.0 | ||
| 008 | 930725s1964 es spa | ||
| 040 |
_aSpMaBN _cBMC |
||
| 082 | _a972.8403 | ||
| 082 | _a302.7284 | ||
| 100 | 1 |
_93379 _aMarroquín, Alejandro Dagoberto |
|
| 245 | 1 | 0 |
_aApreciación sociológica de la independencia salvadoreña _cAlejandro D. Marroquin |
| 260 | 0 |
_a[San Salvador _bs.n. _cs.a.] |
|
| 300 |
_a108 p. _c20 cm |
||
| 651 | 4 |
_aEl Salvador _xHistoria _99434 _y1542-1821 (Época colonial) |
|
| 651 | 4 |
_aEl Salvador _xSituación social _94549 |
|
| 942 |
_2ddc _cBK |
||
| 999 |
_c4287 _d4287 |
||